[Event "CZE-chT 2122"]
[Site "Czech Republic"]
[Date "2022.04.09"]
[Round "14.1"]
[White "Cvek, Robert"]
[Black "Pechac, Jergus"]
[Result "1/2-1/2"]
[WhiteElo "2486"]
[BlackElo "2544"]
[PlyCount "58"]
[EventDate "2021.10.15"]
[EventType "team-tourn"]
[EventRounds "15"]
[EventCountry "CZE"]
[SourceTitle "EXT 2023"]
[Source "ChessBase"]
[SourceDate "2022.10.05"]
[SourceVersion "1"]
[SourceVersionDate "2022.10.05"]
[SourceQuality "1"]
[WhiteTeam "Poruba Slavoj"]
[BlackTeam "Pardubice"]
[WhiteTeamCountry "CZE"]
[BlackTeamCountry "CZE"]

1. Nf3 d5 2. e3 c5 3. b3 Nc6 4. Bb2 a6 5. d4 Nf6 6. Be2 cxd4 7. Nxd4 e6 8. 0-0 Bd6 9. c4 e5 10. Nxc6 bxc6 11. Nc3 Be6 12. cxd5 cxd5 13. Rc1 0-0 14. Bf3 Bb8 15. Ba3 e4 16. Be2 Qc7 17. g3 Rd8 18. Na4 Qe5 19. Be7 Re8 20. Bxf6 gxf6 21. Nc5 Rd8 22. Bg4 f5 23. Bh3 Qf6 24. Qh5 Be5 25. Nxe6 fxe6 26. Rc6 d4 27. exd4 Rxd4 28. Rfc1 Rad8 29. Bf1 Rd2 1/2-1/2

[Event "SVK-chT 1920"]
[Site "Slovakia"]
[Date "2020.09.05"]
[Round "10.1"]
[White "Cvek, Robert"]
[Black "Saric, Ivan"]
[Result "1/2-1/2"]
[WhiteElo "2487"]
[BlackElo "2646"]
[PlyCount "41"]
[EventDate "2019.10.19"]
[EventType "team-tourn"]
[EventRounds "11"]
[EventCountry "SVK"]
[SourceTitle "EXT 2021"]
[Source "ChessBase"]
[SourceDate "2020.10.23"]
[SourceVersion "1"]
[SourceVersionDate "2020.10.23"]
[SourceQuality "1"]
[WhiteTeam "Liptov Chess School"]
[BlackTeam "Modra"]
[WhiteTeamCountry "SVK"]
[BlackTeamCountry "SVK"]

1. Nf3 Nf6 2. c4 g6 3. Nc3 Bg7 4. e4 d6 5. d4 0-0 6. Be2 e5 7. 0-0 Na6 8. Be3 Qe7 9. dxe5 dxe5 10. Nd5 Qd8 11. Nxf6+ Qxf6 12. c5 Qc6 13. Qc2 Nb4 14. Qc4 a5 15. a3 Na6 16. Rac1 Be6 17. Qc3 a4 18. Bc4 Bxc4 19. Qxc4 Rad8 20. Nd2 Kh8 21. b4 1/2-1/2

[Event "SVK-chT 1920"]
[Site "Slovakia"]
[Date "2019.11.23"]
[Round "3.5"]
[White "Sahidi, Samir"]
[Black "Cvek, Robert"]
[Result "1/2-1/2"]
[WhiteElo "2377"]
[BlackElo "2514"]
[PlyCount "30"]
[EventDate "2019.10.19"]
[EventType "team-tourn"]
[EventRounds "11"]
[EventCountry "SVK"]
[SourceTitle "CBM 193 Extra"]
[Source "ChessBase"]
[SourceDate "2020.01.31"]
[SourceVersion "1"]
[SourceVersionDate "2020.01.31"]
[SourceQuality "1"]
[WhiteTeam "Bratislava KSN"]
[BlackTeam "Liptov Chess School"]
[WhiteTeamCountry "SVK"]
[BlackTeamCountry "SVK"]

1. d4 Nf6 2. Nf3 e6 3. g3 c5 4. Bg2 d5 5. 0-0 Nc6 6. b3 Be7 7. Bb2 0-0 8. Nbd2 cxd4 9. Nxd4 Nxd4 10. Bxd4 b6 11. c4 Bb7 12. Rc1 Rc8 13. cxd5 Rxc1 14. Qxc1 Bxd5 15. Qb2 Bxg2 1/2-1/2

[Event "CZE-chT 1819"]
[Site "Czech Republic"]
[Date "2019.04.21"]
[Round "11.2"]
[White "Cvek, Robert"]
[Black "Parizek, Vojtech"]
[Result "1-0"]
[WhiteElo "2518"]
[BlackElo "2277"]
[PlyCount "73"]
[EventDate "2018.11.03"]
[EventType "team-tourn"]
[EventRounds "11"]
[EventCountry "CZE"]
[SourceTitle "CBM 190 Extra"]
[Source "ChessBase"]
[SourceDate "2019.07.15"]
[SourceVersion "1"]
[SourceVersionDate "2019.07.15"]
[SourceQuality "1"]
[WhiteTeam "Poruba Slavoj"]
[BlackTeam "Unichess II"]
[WhiteTeamCountry "CZE"]
[BlackTeamCountry "CZE"]

1. Nf3 Nf6 2. g3 g6 3. Bg2 Bg7 4. 0-0 0-0 5. d4 d6 6. Re1 Nbd7 7. e4 e5 8. Nc3 c6 9. a4 Qc7 10. a5 Re8 11. h3 exd4 12. Nxd4 Nc5 13. Bf4 Nh5 14. Ndb5 cxb5 15. Bxd6 Qd8 16. Bxc5 Bd7 17. Bd6 Be5 18. Bxe5 Rxe5 19. Qd4 Re8 20. a6 bxa6 21. e5 Rc8 22. Rxa6 Rc4 23. Qxa7 Be6 24. Nxb5 Qd2 25. Qe3 Qxe3 26. Rxe3 Rxc2 27. Rc3 Rxb2 28. Nc7 Rf8 29. Rf3 Ng7 30. Rf6 Ne8 31. Nxe6 fxe6 32. Rxf8+ Kxf8 33. Rxe6 Rb1+ 34. Kh2 Re1 35. f4 Rd1 36. g4 Kf7 37. Rb6 1-0

[Event "CZE-chT 1819"]
[Site "Czech Republic"]
[Date "2019.04.20"]
[Round "10.2"]
[White "Plat, Vojtech"]
[Black "Cvek, Robert"]
[Result "1-0"]
[WhiteElo "2539"]
[BlackElo "2518"]
[PlyCount "125"]
[EventDate "2018.11.03"]
[EventType "team-tourn"]
[EventRounds "11"]
[EventCountry "CZE"]
[SourceTitle "CBM 190 Extra"]
[Source "ChessBase"]
[SourceDate "2019.07.15"]
[SourceVersion "1"]
[SourceVersionDate "2019.07.15"]
[SourceQuality "1"]
[WhiteTeam "Lysa nad Labem"]
[BlackTeam "Poruba Slavoj"]
[WhiteTeamCountry "CZE"]
[BlackTeamCountry "CZE"]

1. e4 c6 2. d4 d5 3. exd5 cxd5 4. Bd3 g6 5. c3 Bf5 6. Be2 Nc6 7. Bf4 Nf6 8. Nd2 Bg7 9. h3 0-0 10. Ngf3 h6 11. 0-0 g5 12. Bh2 e6 13. Ne5 Nd7 14. Nxd7 Qxd7 15. f4 f6 16. Qb3 Kh8 17. Rae1 Bg6 18. Bg4 Rae8 19. Qd1 Nd8 20. Re3 b6 21. Qe2 f5 22. Bh5 Bxh5 23. Qxh5 Qf7 24. Qe2 Bf6 25. Nf3 g4 26. hxg4 fxg4 27. Ne1 Qg6 28. Nd3 Bg7 29. Bg3 Nb7 30. f5 Rxf5 31. Nf4 Qf7 32. Rxe6 Nd6 33. Rxe8+ Nxe8 34. Qxg4 Kh7 35. Qe2 Nd6 36. Nd3 Ne4 37. Rxf5 Qxf5 38. Be1 Ng5 39. Bg3 Ne4 40. Bb8 Qc8 41. Bf4 Qf5 42. Qf3 Qg6 43. Bc1 a5 44. a4 Kg8 45. Nf4 Qc6 46. Qg4 Ng5 47. Nh5 Qe6 48. Qxe6+ Nxe6 49. Nf4 Nc7 50. Nd3 Kf7 51. Kf2 Ke6 52. Kf3 Kf5 53. g4+ Ke6 54. Bf4 Ne8 55. Bg3 Bf6 56. Nf4+ Kd6 57. Nh5+ Ke6 58. Nxf6 Kxf6 59. Be5+ Kg5 60. b3 h5 61. gxh5 Kxh5 62. c4 dxc4 63. bxc4 1-0

[Event "CZE-chT 1819"]
[Site "Czech Republic"]
[Date "2019.04.19"]
[Round "9.1"]
[White "Cvek, Robert"]
[Black "Velicka, Petr"]
[Result "1-0"]
[WhiteElo "2518"]
[BlackElo "2423"]
[PlyCount "111"]
[EventDate "2018.11.03"]
[EventType "team-tourn"]
[EventRounds "11"]
[EventCountry "CZE"]
[SourceTitle "CBM 190 Extra"]
[Source "ChessBase"]
[SourceDate "2019.07.15"]
[SourceVersion "1"]
[SourceVersionDate "2019.07.15"]
[SourceQuality "1"]
[WhiteTeam "Poruba Slavoj"]
[BlackTeam "Ostrava Labortech"]
[WhiteTeamCountry "CZE"]
[BlackTeamCountry "CZE"]

1. Nf3 c5 2. g3 Nc6 3. Bg2 e5 4. 0-0 d5 5. d3 Nf6 6. Bg5 Be7 7. Nfd2 0-0 8. Nc3 Be6 9. Bxf6 Bxf6 10. e4 dxe4 11. dxe4 Ne7 12. Qe2 Qb6 13. Nc4 Bxc4 14. Qxc4 Qb4 15. Qb3 Rfd8 16. Rfd1 Nc6 17. Rxd8+ Rxd8 18. Nd5 Qxb3 19. axb3 a6 20. c3 Ne7 21. Ne3 Bg5 22. Nc4 Nc6 23. h4 Bh6 24. Bh3 g6 25. Nb6 Rd2 26. Nc4 Rd8 27. Kf1 Bf8 28. Ke2 Bd6 29. Nb6 Ne7 30. Rd1 Kg7 31. Nd7 Bc7 32. Nxc5 Rxd1 33. Kxd1 Bb6 34. Nd3 f5 35. Ke2 fxe4 36. Nxe5 Bc7 37. Nc4 Nd5 38. Bg2 b5 39. Nd2 b4 40. Nxe4 Be5 41. Kd3 Nb6 42. cxb4 Nd5 43. Kc4 Nc7 44. Nc3 Kf8 45. Bc6 Ke7 46. b5 axb5+ 47. Bxb5 Nxb5 48. Nxb5 Bxb2 49. Nc3 Bc1 50. b4 Bd2 51. Ne4 Be1 52. b5 Kd7 53. Kc5 Kc7 54. b6+ Kb7 55. Kb5 h5 56. Nc5+ 1-0

[Event "CZE-chT 1819"]
[Site "Czech Republic"]
[Date "2019.02.09"]
[Round "7.6"]
[White "Cvek, Robert"]
[Black "Kraus, Tomas"]
[Result "1-0"]
[WhiteElo "2518"]
[BlackElo "2451"]
[PlyCount "191"]
[EventDate "2018.11.03"]
[EventType "team-tourn"]
[EventRounds "11"]
[EventCountry "CZE"]
[SourceTitle "CBM 188 Extra"]
[Source "ChessBase"]
[SourceDate "2019.02.26"]
[SourceVersion "1"]
[SourceVersionDate "2019.02.26"]
[SourceQuality "1"]
[WhiteTeam "Poruba Slavoj"]
[BlackTeam "Turnov Zikuda"]
[WhiteTeamCountry "CZE"]
[BlackTeamCountry "CZE"]

1. Nf3 d5 2. e3 Nc6 3. Bb5 e6 4. b3 Nge7 5. Bb2 a6 6. Be2 Ng6 7. h4 Be7 8. h5 Bf6 9. d4 Nge7 10. Nc3 e5 11. dxe5 Nxe5 12. Qd2 Ng4 13. Rf1 c5 14. 0-0-0 Be6 15. e4 d4 16. Qf4 Qc8 17. Na4 Qc6 18. e5 Nd5 19. Qe4 Be7 20. c4 dxc3 21. Nxc3 Nb4 22. Qxc6+ Nxc6 23. Ne4 0-0 24. Nd6 b5 25. Bd3 Rad8 26. Nf5 Rd7 27. Nxe7+ Nxe7 28. Ng5 Nf5 29. Be2 Rxd1+ 30. Bxd1 Ngh6 31. g4 Ne7 32. f3 Bd5 33. Bc2 g6 34. hxg6 fxg6 35. Rh1 Nxg4 36. Rxh7 Nc6 37. e6 Nf6 38. Rf7 Nd4 39. Bxd4 cxd4 40. Bxg6 Rxf7 41. Bxf7+ Kg7 42. Kd2 a5 43. Kd3 a4 44. bxa4 bxa4 45. a3 Bb3 46. Kxd4 Nd5 47. Kc5 Ne3 48. Kd6 Kf6 49. Ne4+ Kf5 50. Bg8 Kf4 51. Nd2 Bxe6 52. Bxe6 Nc2 53. Nc4 Kxf3 54. Bf5 Nxa3 55. Nxa3 Kf4 56. Ke6 Kg5 57. Ke5 Kh6 58. Be6 Kg5 59. Nc2 Kg6 60. Ne1 a3 61. Nf3 Kg7 62. Ng5 Kg6 63. Ne4 Kg7 64. Nd6 Kg6 65. Nb5 a2 66. Bxa2 Kg7 67. Nd6 Kg6 68. Be6 Kg7 69. Bf5 Kg8 70. Kf6 Kh8 71. Nf7+ Kg8 72. Bg6 Kf8 73. Bf5 Kg8 74. Be4 Kf8 75. Bh7 Ke8 76. Ne5 Kd8 77. Ke6 Kc7 78. Nd7 Kb7 79. Bd3 Kc6 80. Bc4 Kc7 81. Bd5 Kd8 82. Kd6 Ke8 83. Bc4 Kd8 84. Bf7 Kc8 85. Nc5 Kd8 86. Ne6+ Kc8 87. Kc6 Kb8 88. Bh5 Kc8 89. Bg4 Kb8 90. Nc5 Ka7 91. Kc7 Ka8 92. Be2 Ka7 93. Ne4 Ka8 94. Nd6 Ka7 95. Nc8+ Ka8 96. Bf3# 1-0

[Event "CZE-chT1E 1819"]
[Site "Czech Republic"]
[Date "2019.02.03"]
[Round "7.2"]
[White "Novosadova, Kristyna"]
[Black "Cvek, Robert"]
[Result "0-1"]
[WhiteElo "2231"]
[BlackElo "2518"]
[PlyCount "78"]
[EventDate "2018.10.21"]
[EventType "team-tourn"]
[EventRounds "11"]
[EventCountry "CZE"]
[SourceTitle "CBM 188 Extra"]
[Source "ChessBase"]
[SourceDate "2019.02.26"]
[SourceVersion "1"]
[SourceVersionDate "2019.02.26"]
[SourceQuality "1"]
[WhiteTeam "Jundrov Jezdci"]
[BlackTeam "Kromeriz"]
[WhiteTeamCountry "CZE"]
[BlackTeamCountry "CZE"]

1. e4 e6 2. d4 d5 3. exd5 exd5 4. c4 Nf6 5. Nc3 Bb4 6. Qb3 Nc6 7. Be3 0-0 8. Nf3 Be6 9. c5 Ne4 10. Qc2 b6 11. Bb5 Ne7 12. 0-0 bxc5 13. Nxe4 dxe4 14. Ng5 cxd4 15. Qxe4 Bf5 16. Qxd4 Qxd4 17. Bxd4 Rfd8 18. Be3 h6 19. Nf3 Nd5 20. Nd4 Bd7 21. Bc6 Nxe3 22. fxe3 Rac8 23. Bd5 Be8 24. Bc4 Bc5 25. Rf4 Rd7 26. Raf1 Re7 27. R1f3 g6 28. Rg4 Kh7 29. h4 f5 30. Rgf4 Bd6 31. Nxf5 gxf5 32. Rxf5 Bg6 33. Ra5 Be4 34. Rf6 Kg7 35. Rf1 Rb8 36. b3 Bb7 37. Rxa7 Bc5 38. Ra5 Bxe3+ 39. Kh2 Rd8 0-1

[Event "CZE-chT 1819"]
[Site "Czech Republic"]
[Date "2019.01.12"]
[Round "5.4"]
[White "Zwardon, Vojtech"]
[Black "Cvek, Robert"]
[Result "1/2-1/2"]
[WhiteElo "2455"]
[BlackElo "2518"]
[PlyCount "56"]
[EventDate "2018.11.03"]
[EventType "team-tourn"]
[EventRounds "11"]
[EventCountry "CZE"]
[SourceTitle "CBM 188 Extra"]
[Source "ChessBase"]
[SourceDate "2019.02.26"]
[SourceVersion "1"]
[SourceVersionDate "2019.02.26"]
[SourceQuality "1"]
[WhiteTeam "Frydek Mistek"]
[BlackTeam "Poruba Slavoj"]
[WhiteTeamCountry "CZE"]
[BlackTeamCountry "CZE"]

1. c4 e6 2. Nc3 d5 3. d4 Be7 4. cxd5 exd5 5. Bf4 c6 6. e3 Bf5 7. Bd3 Bxd3 8. Qxd3 Nf6 9. Nf3 Nbd7 10. 0-0 0-0 11. Rab1 a5 12. h3 Re8 13. Rfc1 Nf8 14. a3 Ne6 15. Be5 Nd7 16. b4 axb4 17. axb4 b5 18. Ne2 Qb6 19. e4 dxe4 20. Qxe4 Rac8 21. Nf4 Nxf4 22. Qxf4 Qb7 23. Qg4 g6 24. Rb3 Nb6 25. Ng5 f5 26. Qh4 Bxg5 27. Qxg5 Qe7 28. Bf6 Qf7 1/2-1/2

[Event "CZE-chT1E 1819"]
[Site "Czech Republic"]
[Date "2018.12.09"]
[Round "4.2"]
[White "Cvek, Robert"]
[Black "Szotkowski, Jakub"]
[Result "1-0"]
[WhiteElo "2518"]
[BlackElo "2348"]
[PlyCount "93"]
[EventDate "2018.10.21"]
[EventType "team-tourn"]
[EventRounds "11"]
[EventCountry "CZE"]
[SourceTitle "CBM 187 Extra"]
[Source "ChessBase"]
[SourceDate "2018.11.04"]
[SourceVersion "1"]
[SourceVersionDate "2018.11.04"]
[SourceQuality "1"]
[WhiteTeam "Kromeriz"]
[BlackTeam "Trinec"]
[WhiteTeamCountry "CZE"]
[BlackTeamCountry "CZE"]

1. Nf3 c5 2. c4 b6 3. g3 Bb7 4. Bg2 Nc6 5. 0-0 Nf6 6. b3 e6 7. Bb2 Be7 8. Nc3 0-0 9. d4 Nxd4 10. Nxd4 Bxg2 11. Kxg2 cxd4 12. Qxd4 Qc7 13. Rfd1 Rfd8 14. Qe3 Qb7+ 15. Qf3 Qxf3+ 16. Kxf3 d5 17. cxd5 Nxd5 18. Nxd5 Rxd5 19. Rxd5 exd5 20. Rd1 Rd8 21. Bd4 f6 22. Rc1 Rd7 23. Rc8+ Kf7 24. Ke3 Ke6 25. Rh8 h6 26. Rg8 Bd8 27. g4 Kf7 28. Rh8 Bc7 29. h4 Rd8 30. Rxd8 Bxd8 31. h5 Ke6 32. f4 Bc7 33. Kf3 Bd6 34. e4 dxe4+ 35. Kxe4 Ba3 36. g5 hxg5 37. fxg5 Bc1 38. gxf6 gxf6 39. b4 f5+ 40. Kf3 Bh6 41. Be3 Bf8 42. b5 Kd5 43. Bg5 Ke6 44. Bf4 Kf6 45. Ke3 Ke6 46. Bb8 Bc5+ 47. Kf3 1-0

[Event "SVK-chT 1819"]
[Site "Slovakia"]
[Date "2018.12.08"]
[Round "3.3"]
[White "Papp, Gabor"]
[Black "Cvek, Robert"]
[Result "1-0"]
[WhiteElo "2591"]
[BlackElo "2515"]
[PlyCount "83"]
[EventDate "2018.11.10"]
[EventType "team-tourn"]
[EventRounds "11"]
[EventCountry "SVK"]
[SourceTitle "CBM 187 Extra"]
[Source "ChessBase"]
[SourceDate "2018.11.04"]
[SourceVersion "1"]
[SourceVersionDate "2018.11.04"]
[SourceQuality "1"]
[WhiteTeam "Bratislava Slovan"]
[BlackTeam "Osuske"]
[WhiteTeamCountry "SVK"]
[BlackTeamCountry "SVK"]

1. e4 c5 2. Nf3 Nc6 3. d4 cxd4 4. Nxd4 g6 5. c4 Nf6 6. Nc3 d6 7. f3 Nxd4 8. Qxd4 Bg7 9. Be3 0-0 10. Qd2 Be6 11. Be2 Qa5 12. Rc1 Rfc8 13. b3 a6 14. Na4 Qxd2+ 15. Kxd2 Nd7 16. g4 f5 17. exf5 gxf5 18. h3 Rf8 19. f4 Rad8 20. Nc3 d5 21. cxd5 Nf6 22. Ke1 Nxd5 23. Nxd5 Bxd5 24. Rg1 fxg4 25. hxg4 Rc8 26. Kf2 Rxc1 27. Rxc1 Be5 28. Kg3 Bd6 29. Rd1 Be4 30. Bc4+ Kg7 31. Rd4 Bb1 32. Kh4 b5 33. Be6 Kf6 34. f5 Bc5 35. b4 Bb6 36. Bg5+ Ke5 37. Rd5+ Ke4 38. Rd1 Bc2 39. Rd2 Bd3 40. Bxe7 Bd8 41. Bxd8 Rxd8 42. Kg5 1-0